[Event "Tournament 14459 - Europe Echecs"]
[Site "Europe Echecs"]
[Date "2020.07.07"]
[Round "3"]
[Time "15:11:54"]
[PlyCount "136"]
[White "BildsteinNolan"]
[Black "ErudelIrina"]
[WhiteElo "1111"]
[BlackElo "1620"]
[Mode "WEB"]
[Result "1-0"]

1. e4 e5 2. Nf3 Nc6 3. Bb5 a6 4. Bxc6 dxc6 5. d4 exd4 6. Qxd4 Bd6 7. e5 Qe7 8.
O-O Bxe5 9. Qxe5 Qxe5 10. Nxe5 Nf6 11. Re1 Be6 12. Nc3 O-O-O 13. Bg5 Rd6 14.
Bxf6 gxf6 15. Nf3 Rg8 16. Rad1 Rxd1 17. Rxd1 h5 18. g3 b5 19. Kg2 b4 20. Ne4 Bd5
21. Nxf6 Bxf3+ 22. Kxf3 Rg6 23. Nxh5 c5 24. Rd5 c4 25. Nf4 Rf6 26. Rd4 c3 27.
bxc3 bxc3 28. Rc4 Rb6 29. Rxc3 Rb2 30. a3 Ra2 31. Nd5 Kb7 32. Rxc7+ Ka8 33. Rxf7
Rxa3+ 34. Kg2 a5 35. h4 a4 36. Rf3 Ra1 37. Nc3 a3 38. h5 Rc1 39. Rf8+ Ka7 40.
Nb5+ Kb6 41. Nxa3 Ra1 42. Rf6+ Ka5 43. Nc4+ Kb5 44. Ne3 Ra8 45. h6 Rh8 46. Nf5
Kb4 47. Rf7 Kc3 48. h7 Kxc2 49. Rg7 Kd2 50. Nh6 Ke2 51. Nf7 Rf8 52. h8=Q Rxh8
53. Nxh8 Kd3 54. Re7 Kd4 55. Kf3 Kd5 56. Kf4 Kd6 57. Re1 Kd5 58. Nf7 Kd4 59.
Rd1+ Kc3 60. Ke3 Kc2 61. Rd8 Kc3 62. Rc8+ Kb4 63. Kd4 Kb5 64. Rc1 Kb4 65. Rb1+
Ka3 66. Kc3 Ka2 67. Rb6 Ka3 68. Ra6# {ErudelIrina est échec et mat} 1-0

[Event "Tournament 14459 - Europe Echecs"]
[Site "Europe Echecs"]
[Date "2020.07.07"]
[Round "3"]
[Time "15:11:54"]
[PlyCount "75"]
[White "ChennitAriles"]
[Black "KhantalinaIlar"]
[WhiteElo "1110"]
[BlackElo "1580"]
[Mode "WEB"]
[Result "0-1"]

1. d4 d5 2. Nf3 c5 3. c3 Nc6 4. e3 Bf5 5. c4 e6 6. cxd5 exd5 7. Bb5 cxd4 8.
Bxc6+ bxc6 9. exd4 Be7 10. O-O Nf6 11. Nc3 O-O 12. Bd2 Bg4 13. a3 Rb8 14. b4 a5
15. bxa5 Qxa5 16. a4 Bb4 17. Bf4 Bxc3 18. Bxb8 Bxa1 19. Qxa1 Rxb8 20. Ne5 Be6
21. Nxc6 Qb6 22. Nxb8 Qxb8 23. a5 Qa7 24. Rb1 h6 25. a6 Bf5 26. Rb7 Qa8 27. a7
Nd7 28. Qb1 Bxb1 29. Rxd7 Kh7 30. Rb7 Qxb7 31. a8=Q Qxa8 32. h3 Qa1 33. g4 Be4+
34. Kh2 Qh1+ 35. Kg3 Qg2+ 36. Kh4 g5+ 37. Kh5 Qxh3# {ChennitAriles est échec et mat} 0-1

[Event "Tournament 14459 - Europe Echecs"]
[Site "Europe Echecs"]
[Date "2020.07.07"]
[Round "3"]
[Time "15:11:54"]
[PlyCount "76"]
[White "HammRodrigue"]
[Black "ErudelMaeva"]
[WhiteElo "1109"]
[BlackElo "1500"]
[Mode "WEB"]
[Result "1-0"]

1. e4 e6 2. d4 d5 3. exd5 exd5 4. c4 c6 5. Nc3 Nf6 6. Nf3 Be7 7. Bd3 b6 8. O-O
Bb7 9. Re1 O-O 10. b3 Nbd7 11. Bf4 Bb4 12. Qc2 Rc8 13. a3 Be7 14. Ne5 Re8 15.
Re2 Bd6 16. Nxd7 Qxd7 17. Bxd6 Qxd6 18. Rae1 dxc4 19. Bxc4 Qxd4 20. Rxe8+ Rxe8
21. Rxe8+ Nxe8 22. h3 c5 23. Ne2 Qf6 24. Ng3 Qc6 25. f3 Nd6 26. Qd3 h6 27. Kh2
Nxc4 28. Qxc4 b5 29. Qc3 b4 30. axb4 cxb4 31. Qxb4 Qc7 32. Qa4 Bc6 33. Qd4 a5
34. f4 Qb7 35. Nf5 f6 36. Qc4+ Bd5 37. Qa4 Bxg2 38. Qe8+ {ErudelMaeva a perdu au temps} 1-0

[Event "Tournament 14459 - Europe Echecs"]
[Site "Europe Echecs"]
[Date "2020.07.07"]
[Round "3"]
[Time "15:11:54"]
[PlyCount "121"]
[White "TirateauTom"]
[Black "BelliniMatteo"]
[WhiteElo "1440"]
[BlackElo "1098"]
[Mode "WEB"]
[Result "0-1"]

1. e4 e5 2. Nf3 Nc6 3. Nc3 Nf6 4. Bb5 a6 5. Ba4 b5 6. Bb3 Be7 7. d4 exd4 8. Nxd4
Bb4 9. Bg5 h6 10. Bh4 Ne5 11. O-O O-O 12. Qd2 d6 13. h3 Nxe4 14. Qe3 Qxh4 15.
Qxe4 Qxe4 16. Nxe4 Bf5 17. f3 Bxe4 18. fxe4 Bc5 19. c3 b4 20. Kh1 a5 21. Nb5
Rfc8 22. cxb4 axb4 23. Rac1 Rab8 24. a4 bxa3 25. Nxa3 Bxa3 26. bxa3 Rxb3 27. Ra1
Ra8 28. a4 Nc4 29. Rfc1 Rb4 30. a5 Rxa5 31. Rxa5 Nxa5 32. Rxc7 Rxe4 33. Rc8+ Kh7
34. Rd8 Rd4 35. Ra8 Nc6 36. Rc8 Nb4 37. Rb8 Nd3 38. Rb3 d5 39. Ra3 Nc1 40. Ra1
Nb3 41. Rb1 Rd3 42. Rb2 d4 43. Rb1 Rc3 44. Rb2 Rd3 45. Rb1 Rc3 46. Rb2 d3 47.
Kg1 d2 48. Rb1 Rc1+ 49. Rxc1 dxc1=Q+ 50. Kf2 Qf4+ 51. Kg1 Nd2 52. Kh1 Qf1+ 53.
Kh2 Ne4 54. g4 f5 55. gxf5 Qxf5 56. Kg2 Kg6 57. Kh2 Kh5 58. Kg2 Kh4 59. Kh2 Qf2+
60. Kh1 Ng3# {TirateauTom est échec et mat} 0-1

[Event "Tournament 14459 - Europe Echecs"]
[Site "Europe Echecs"]
[Date "2020.07.07"]
[Round "3"]
[Time "15:11:54"]
[PlyCount "44"]
[White "CerclierLeo"]
[Black "SchluppEmma"]
[WhiteElo "1420"]
[BlackElo "1094"]
[Mode "WEB"]
[Result "1-0"]

1. e4 e5 2. Nf3 Nc6 3. Bc4 Bc5 4. c3 d6 5. d4 exd4 6. cxd4 Bb4+ 7. Bd2 Bxd2+ 8.
Nbxd2 Nf6 9. O-O Be6 10. d5 Bd7 11. dxc6 Bxc6 12. Re1 Qe7 13. e5 dxe5 14. Rxe5
O-O-O 15. Rxe7 Ng4 16. Qb3 Nf6 17. Rc1 Rd6 18. Rxf7 Be8 19. Ba6 Bc6 20. Bxb7+
Bxb7 21. Rcxc7+ Kb8 22. Qxb7# {SchluppEmma est échec et mat} 1-0

[Event "Tournament 14459 - Europe Echecs"]
[Site "Europe Echecs"]
[Date "2020.07.07"]
[Round "3"]
[Time "15:11:54"]
[PlyCount "83"]
[White "MinaudierMouss"]
[Black "MaisonhauteEle"]
[WhiteElo "1410"]
[BlackElo "1088"]
[Mode "WEB"]
[Result "0-1"]

1. e4 e5 2. Bc4 Bc5 3. Nf3 Nc6 4. Nc3 d6 5. O-O Bg4 6. d3 Nd4 7. Bg5 f6 8. Be3
Nxf3+ 9. gxf3 Bh3 10. Re1 Ne7 11. Bxc5 dxc5 12. f4 Qd7 13. Qh5+ Ng6 14. Qf3
O-O-O 15. f5 Nf4 16. Nd5 g5 17. Nxf4 g4 18. Qe3 exf4 19. Qxf4 Qd4 20. Be6+ Kb8
21. Qd2 Rhg8 22. Bxg8 Rxg8 23. c3 Qe5 24. f4 Qe7 25. Qc2 Qg7 26. Qb3 g3 27. Qe6
gxh2+ 28. Kf2 Qg3+ 29. Ke2 Bg4+ 30. Kd2 Qf2+ 31. Kc1 h1=Q 32. Rxh1 Qe3+ 33. Kc2
Qe2+ 34. Kb3 b5 35. Qxg8+ Kb7 36. Qd5+ Kb6 37. Rae1 Qd2 38. Qe6+ c6 39. c4 a5
40. cxb5 a4+ 41. Kxa4 Qb4# {MinaudierMouss est échec et mat} 0-1

[Event "Tournament 14459 - Europe Echecs"]
[Site "Europe Echecs"]
[Date "2020.07.07"]
[Round "3"]
[Time "15:11:54"]
[PlyCount "71"]
[White "LoppinLylou"]
[Black "DaghsenAdem"]
[WhiteElo "1102"]
[BlackElo "1400"]
[Mode "WEB"]
[Result "0-1"]

1. e4 e5 2. Nf3 Nc6 3. Nc3 Nf6 4. Be2 Bc5 5. O-O O-O 6. h3 d6 7. d3 h6 8. Nh4
Be6 9. Bg4 Nd4 10. Be3 b6 11. Bxd4 Bxd4 12. Nb5 c5 13. Be2 a6 14. Nxd4 cxd4 15.
c3 b5 16. cxd4 exd4 17. e5 dxe5 18. Nf3 Qc7 19. Rc1 Qd6 20. Nd2 Bxa2 21. Ra1 Bd5
22. Ne4 Nxe4 23. dxe4 Bxe4 24. f3 Bb7 25. Bd3 e4 26. fxe4 Qe6 27. Re1 f5 28.
exf5 Qc6 29. Bf1 Rxf5 30. Qg4 Rg5 31. Qd1 Rxg2+ 32. Kh1 Rf2+ 33. Kg1 Rg2+ 34.
Kh1 Rd2+ 35. Kg1 Qh1# {LoppinLylou est échec et mat} 0-1

[Event "Tournament 14459 - Europe Echecs"]
[Site "Europe Echecs"]
[Date "2020.07.07"]
[Round "3"]
[Time "15:11:54"]
[PlyCount "98"]
[White "BarbaggiSasha"]
[Black "CleranLorene"]
[WhiteElo "1375"]
[BlackElo "1086"]
[Mode "WEB"]
[Result "1-0"]

1. e4 e5 2. Nc3 Nf6 3. g3 Nc6 4. Bg2 g6 5. d3 h6 6. Nge2 Bg7 7. Be3 d6 8. Qd2
Bg4 9. O-O O-O 10. Bxh6 Bxh6 11. Qxh6 Bxe2 12. Nxe2 Ng4 13. Qh3 Qd7 14. f3 f5
15. fxg4 fxg4 16. Rxf8+ Rxf8 17. Qh6 Qf7 18. Rf1 Qg7 19. Rxf8+ Qxf8 20. Qxg6+
Kh8 21. Qh5+ Kg7 22. Qxg4+ Kh6 23. Qe6+ Kg5 24. Qf5+ Qxf5 25. exf5 Kxf5 26. Bxc6
bxc6 27. d4 a5 28. dxe5 dxe5 29. Kf2 Kg4 30. Kg2 c5 31. Nc3 c4 32. Ne4 Kf5 33.
Kf3 c6 34. Nd6+ Kg5 35. Nxc4 a4 36. Nxe5 c5 37. h4+ Kh5 38. b3 axb3 39. cxb3 c4
40. Nxc4 Kh6 41. a4 Kh5 42. a5 Kh6 43. a6 Kh5 44. a7 Kh6 45. a8=Q Kh5 46. Qd5+
Kh6 47. Qe6+ Kg7 48. Nd6 Kf8 49. Qf7# {CleranLorene est échec et mat} 1-0

[Event "Tournament 14459 - Europe Echecs"]
[Site "Europe Echecs"]
[Date "2020.07.07"]
[Round "3"]
[Time "15:11:54"]
[PlyCount "83"]
[White "SinivassaneRoj"]
[Black "KiyendeLibataE"]
[WhiteElo "1100"]
[BlackElo "1360"]
[Mode "WEB"]
[Result "0-1"]

1. e4 e5 2. d4 exd4 3. c3 dxc3 4. Nxc3 Bb4 5. Bd2 Bxc3 6. Bxc3 Nf6 7. e5 Ne4 8.
Bd3 Nxc3 9. bxc3 O-O 10. Qe2 Re8 11. Qe4 g6 12. Nf3 d6 13. O-O Nc6 14. Qf4 dxe5
15. Qc4 Be6 16. Qh4 Qxd3 17. Ng5 h5 18. Nxe6 Rxe6 19. Rfd1 Qf5 20. h3 Ree8 21.
Rd2 Rad8 22. Re2 Qf4 23. Qxf4 exf4 24. Rb2 b6 25. Rc2 Ne5 26. Re2 Nf3+ 27. gxf3
Rxe2 28. Rb1 Rxa2 29. Rc1 Rad2 30. Kg2 R2d5 31. c4 Rg5+ 32. Kf1 Re8 33. c5 bxc5
34. Ra1 Rge5 35. Kg2 Re1 36. Rxa7 Rd8 37. Rxc7 Rdd1 38. Rc8+ Kg7 39. h4 Rg1+ 40.
Kh2 Rh1+ 41. Kg2 Rdg1# {SinivassaneRoj est échec et mat} 0-1

[Event "Tournament 14459 - Europe Echecs"]
[Site "Europe Echecs"]
[Date "2020.07.07"]
[Round "3"]
[Time "15:11:54"]
[PlyCount "119"]
[White "GerandiPierreM"]
[Black "MigusEthan"]
[WhiteElo "1330"]
[BlackElo "1084"]
[Mode "WEB"]
[Result "0-1"]

1. e4 d5 2. exd5 Nf6 3. Nc3 Nxd5 4. Nxd5 Qxd5 5. c4 Qe5+ 6. Be2 Nc6 7. Nf3 Qf5
8. d3 e5 9. Bd2 Be7 10. b3 Bf6 11. Bc3 O-O 12. O-O Re8 13. Re1 e4 14. dxe4 Rxe4
15. Bd3 Rxe1+ 16. Qxe1 Qe6 17. Qxe6 Bxe6 18. Bxf6 gxf6 19. Re1 Rd8 20. Be4 Na5
21. h3 f5 22. Bc2 Kg7 23. Rd1 Rxd1+ 24. Bxd1 h5 25. Ng5 Kg6 26. Nxe6 fxe6 27. g4
h4 28. gxf5+ Kxf5 29. Bc2+ Kf4 30. Kg2 c6 31. Bb1 e5 32. Bc2 e4 33. Bb1 b5 34.
cxb5 cxb5 35. Bc2 Nc6 36. Bd1 Nd4 37. Bg4 Nf3 38. Bxf3 exf3+ 39. Kf1 Ke4 40. Ke1
Kd3 41. Kd1 a5 42. a3 Kc3 43. b4 axb4 44. axb4 Kxb4 45. Kd2 Kb3 46. Ke3 Kc3 47.
Kxf3 b4 48. Ke4 b3 49. f4 b2 50. Kf3 b1=Q 51. Kg4 Qh7 52. f5 Kd4 53. Kg5 Ke5 54.
f6 Qf5+ 55. Kxh4 Qxf6+ 56. Kh5 Qg7 57. h4 Qg8 58. Kh6 Kf6 59. Kh5 Qg6# {GerandiPierreM est échec et mat} 0-1

[Event "Tournament 14459 - Europe Echecs"]
[Site "Europe Echecs"]
[Date "2020.07.07"]
[Round "3"]
[Time "15:11:54"]
[PlyCount "57"]
[White "FournierLucas"]
[Black "OuadiSammy"]
[WhiteElo "1320"]
[BlackElo "1080"]
[Mode "WEB"]
[Result "0-1"]

1. e4 e5 2. Nf3 Nc6 3. Nc3 Nf6 4. d3 Bb4 5. a3 Ba5 6. Be2 O-O 7. O-O h6 8. b4
Bb6 9. d4 Bxd4 10. Nxd4 Nxd4 11. Be3 Nxe2+ 12. Qxe2 Re8 13. Nd5 Nxd5 14. exd5 c6
15. d6 Qf6 16. a4 Qxd6 17. Bc5 Qf6 18. b5 d5 19. bxc6 bxc6 20. Ra3 Qg6 21. Rg3
Qf6 22. Rf3 Qd8 23. a5 Qxa5 24. Ra3 Qxc5 25. c3 Qxa3 26. Qf3 e4 27. Qg3 Ba6 28.
Rc1 Qxc1# {FournierLucas est échec et mat} 0-1

[Event "Tournament 14459 - Europe Echecs"]
[Site "Europe Echecs"]
[Date "2020.07.07"]
[Round "3"]
[Time "15:11:54"]
[PlyCount "86"]
[White "OliveiraMateo"]
[Black "RaffinLeon"]
[WhiteElo "1317"]
[BlackElo "1080"]
[Mode "WEB"]
[Result "1-0"]

1. d4 d5 2. c4 dxc4 3. e4 Nf6 4. Nc3 Bg4 5. Be2 Bxe2 6. Ngxe2 Nxe4 7. Nxe4 Nc6
8. Be3 Qd5 9. N2c3 Qf5 10. O-O e6 11. Qc2 Qh5 12. Ng3 Qg4 13. Qe2 Qxe2 14. Ngxe2
Bb4 15. a3 Bxc3 16. Nxc3 Na5 17. Rac1 Nb3 18. Rc2 O-O 19. Ne4 f6 20. Rxc4 Rac8
21. Rb4 Na5 22. Nc5 b6 23. Nb3 Nc6 24. Rc4 Nb8 25. Rfc1 Rf7 26. Bf4 Na6 27. Nd2
g5 28. Bd6 Rd7 29. Bg3 f5 30. Be5 h5 31. Nf3 b5 32. R4c3 g4 33. Ng5 h4 34. Nxe6
Re7 35. Nxc7 Nxc7 36. Rxc7 Rexc7 37. Rxc7 Rxc7 38. Bxc7 a5 39. Bxa5 f4 40. d5 f3
41. gxf3 gxf3 42. d6 Kf8 43. d7 {RaffinLeon a abandonné} 1-0

[Event "Tournament 14459 - Europe Echecs"]
[Site "Europe Echecs"]
[Date "2020.07.07"]
[Round "3"]
[Time "15:11:54"]
[PlyCount "82"]
[White "ContieLilio"]
[Black "RobertLouis"]
[WhiteElo "1315"]
[BlackElo "1080"]
[Mode "WEB"]
[Result "1-0"]

1. e4 e5 2. Nf3 Nf6 3. Nc3 Bb4 4. Bc4 Nxe4 5. Nxe4 d5 6. Bb3 dxe4 7. Nxe5 O-O 8.
O-O Bd6 9. Nc4 Be6 10. Re1 Bxc4 11. Bxc4 Re8 12. Qg4 Nc6 13. Rxe4 Rxe4 14. Qxe4
Qe8 15. d3 Qd7 16. Qf3 Re8 17. Bd2 Kf8 18. Bb5 a6 19. Bxc6 Qxc6 20. Qxc6 bxc6
21. Be3 Be5 22. Re1 Bxb2 23. Bc5+ Re7 24. Rxe7 g6 25. Rxc7+ Kg7 26. Rxc6 a5 27.
Rd6 Be5 28. Bd4 Bxd4 29. Rxd4 f5 30. Ra4 Kf6 31. Rxa5 h5 32. Rc5 g5 33. a4 f4
34. a5 g4 35. a6 h4 36. a7 Ke6 37. a8=Q Kd6 38. Qc6+ Ke7 39. Rd5 Kf8 40. Rd7 Ke8
41. Qc8# {RobertLouis est échec et mat} 1-0

[Event "Tournament 14459 - Europe Echecs"]
[Site "Europe Echecs"]
[Date "2020.07.07"]
[Round "3"]
[Time "15:11:54"]
[PlyCount "85"]
[White "HanszJules"]
[Black "BaderThomas"]
[WhiteElo "1310"]
[BlackElo "1072"]
[Mode "WEB"]
[Result "0-1"]

1. e4 e5 2. Nf3 d6 3. Nc3 Nc6 4. Bc4 Bg4 5. h3 Bh5 6. d3 Nd4 7. g4 Bg6 8. Nxd4
exd4 9. Nd5 c6 10. Nb4 d5 11. exd5 Bxb4+ 12. c3 dxc3 13. Ke2 Qe7+ 14. Kf1 cxb2
15. Bxb2 Nf6 16. g5 Nh5 17. Qe2 Qxe2+ 18. Kxe2 O-O 19. Kd1 Nf4 20. Kc2 cxd5 21.
Bb5 a6 22. Ba4 Rac8+ 23. Kb3 Nxd3 24. Rhd1 a5 25. a3 Nc5+ 26. Ka2 Nxa4 27. axb4
Rc2 28. Rab1 Nc3+ 29. Kb3 Nxb1 30. Rxd5 Nd2+ 31. Ka4 Rxb2 32. Kxa5 Be4 33. Rd4
Nb3+ 34. Kb5 Nxd4+ 35. Kc4 Nf3 36. Kc3 Rc2+ 37. Kb3 Rfc8 38. b5 R8c3+ 39. Kb4 b6
40. Ka4 Bd5 41. Kb4 Rb3+ 42. Ka4 Ra2# {HanszJules est échec et mat} 0-1

[Event "Tournament 14459 - Europe Echecs"]
[Site "Europe Echecs"]
[Date "2020.07.07"]
[Round "3"]
[Time "15:11:54"]
[PlyCount "147"]
[White "RollotPriscill"]
[Black "DavoustNicolas"]
[WhiteElo "1094"]
[BlackElo "1300"]
[Mode "WEB"]
[Result "0-1"]

1. e4 e5 2. Nf3 Nc6 3. Bc4 Bc5 4. Nc3 Nf6 5. O-O O-O 6. d3 d6 7. Bg5 h6 8. Bh4
Bg4 9. h3 Bh5 10. Nd5 Nd4 11. Nxf6+ gxf6 12. g4 Bg6 13. c3 Nxf3+ 14. Qxf3 Kg7
15. Bxf6+ Qxf6 16. Qxf6+ Kxf6 17. Rad1 Rad8 18. d4 exd4 19. cxd4 Bb6 20. Rfe1 c6
21. e5+ dxe5 22. dxe5+ Ke7 23. Rxd8 Rxd8 24. e6 Kf8 25. e7+ Ke8 26. exd8=Q+ Kxd8
27. Rd1+ Kc7 28. Re1 Kd6 29. b3 Ba5 30. Rd1+ Kc7 31. a3 b5 32. Bd3 c5 33. Bxb5
Bc2 34. Rd7+ Kb6 35. a4 Bxb3 36. Kf1 a6 37. Bd3 Bxa4 38. Rd6+ Bc6 39. Ke2 Bb4
40. Ke3 c4 41. Bxc4 Bxd6 42. Bxf7 a5 43. Kd2 a4 44. Kc2 a3 45. Kb3 Bc5 46. f4
Kb5 47. g5 hxg5 48. fxg5 Bf8 49. g6 Bf3 50. h4 Ka5 51. Ka2 Ka4 52. Be8+ Ka5 53.
Kb3 Bd1+ 54. Ka2 Bc2 55. h5 Kb4 56. Bf7 Bd1 57. Kb1 Bxh5 58. Ka1 Bg7+ 59. Ka2
Bd1 60. Kb1 Bb3 61. Bxb3 Kxb3 62. Kc1 a2 63. Kd2 a1=Q 64. Ke3 Qd4+ 65. Kf3 Qf6+
66. Ke4 Qxg6+ 67. Kd5 Qf5+ 68. Kc6 Qe6+ 69. Kb7 Kb4 70. Kc7 Kc5 71. Kd8 Qf7 72.
Kc8 Kc6 73. Kb8 Qb7# {RollotPriscill est échec et mat} 0-1

[Event "Tournament 14459 - Europe Echecs"]
[Site "Europe Echecs"]
[Date "2020.07.07"]
[Round "3"]
[Time "15:11:54"]
[PlyCount "81"]
[White "RomangNicolasT"]
[Black "ColinPenelope"]
[WhiteElo "1090"]
[BlackElo "1290"]
[Mode "WEB"]
[Result "0-1"]

1. d4 d5 2. Bf4 Bf5 3. Nf3 Nc6 4. e3 Nf6 5. Bb5 a6 6. Bxc6+ bxc6 7. c3 e6 8.
Nbd2 Bd6 9. Bg3 Bxg3 10. hxg3 O-O 11. Ne5 Ne4 12. Nxe4 Bxe4 13. Qh5 h6 14. Rh4
Bxg2 15. Nxc6 Qd6 16. Ne5 f6 17. Ng6 Rf7 18. Nh8 Kxh8 19. Qxf7 Qb6 20. Rb1 Qb5
21. Kd2 Be4 22. Ke1 Bxb1 23. Qxe6 Be4 24. b4 Bf3 25. Kd2 Qe2+ 26. Kc1 Be4 27.
Rxe4 dxe4 28. Qxe4 Rg8 29. f4 Qxa2 30. d5 Qa1+ 31. Kc2 a5 32. bxa5 Qxa5 33. c4
Qa4+ 34. Kc3 Re8 35. Qd4 Qa3+ 36. Kd2 Rb8 37. Ke2 Rb2+ 38. Kf3 Qa2 39. d6 f5 40.
Qd1 Rf2# {RomangNicolasT est échec et mat} 0-1

[Event "Tournament 14459 - Europe Echecs"]
[Site "Europe Echecs"]
[Date "2020.07.07"]
[Round "3"]
[Time "15:11:54"]
[PlyCount "43"]
[White "PerrinCyril"]
[Black "LuxOceane"]
[WhiteElo "1084"]
[BlackElo "1273"]
[Mode "WEB"]
[Result "0-1"]

1. e4 e5 2. Nf3 Nc6 3. d4 exd4 4. Bc4 Bc5 5. c3 dxc3 6. Bxf7+ Kxf7 7. Qd5+ Kf8
8. Qxc5+ Nge7 9. Nxc3 d6 10. Qe3 Ng6 11. O-O Kf7 12. Nd5 Re8 13. Nxc7 Qxc7 14.
Qb3+ Be6 15. Ng5+ Kg8 16. Nxe6 Qe7 17. Nc7+ Kh8 18. Qxb7 Na5 19. Bg5 Qxg5 20.
Qb4 Rab8 21. Qd2 Qxd2 {PerrinCyril a abandonné} 0-1

[Event "Tournament 14459 - Europe Echecs"]
[Site "Europe Echecs"]
[Date "2020.07.07"]
[Round "3"]
[Time "15:11:54"]
[PlyCount "42"]
[White "MimouneKenzi"]
[Black "RobertPaul"]
[WhiteElo "1266"]
[BlackElo "1070"]
[Mode "WEB"]
[Result "1-0"]

1. e4 e5 2. Nf3 Nf6 3. Nxe5 d6 4. Nf3 Nxe4 5. d3 Nf6 6. Be2 Be7 7. O-O O-O 8.
Nc3 Nc6 9. Be3 d5 10. d4 Bb4 11. Bd2 Ne4 12. Nxe4 dxe4 13. Bxb4 exf3 14. Bxf3
Nxb4 15. Qd2 Nc6 16. c3 Re8 17. Qd3 Qf6 18. d5 Ne5 19. Qb5 Nxf3+ 20. gxf3 Qxf3
21. Qxe8# {RobertPaul est échec et mat} 1-0

[Event "Tournament 14459 - Europe Echecs"]
[Site "Europe Echecs"]
[Date "2020.07.07"]
[Round "3"]
[Time "15:11:54"]
[PlyCount "53"]
[White "GrederBaptiste"]
[Black "MenceEline"]
[WhiteElo "1080"]
[BlackElo "1264"]
[Mode "WEB"]
[Result "0-1"]

1. e4 d5 2. Nc3 d4 3. Nd5 e5 4. Nf3 c6 5. Bb5 cxb5 6. h3 Nc6 7. O-O Nf6 8. d3
Nxd5 9. exd5 Qxd5 10. Ng5 f6 11. Ne4 Bf5 12. f3 Bxe4 13. dxe4 Qd7 14. Qd3 Nb4
15. Qe2 Bc5 16. Qd3 Nxd3 17. cxd3 O-O-O 18. Bd2 b4 19. a3 bxa3 20. bxa3 Qb5 21.
Rab1 Qxd3 22. Kf2 Qxd2+ 23. Kg1 d3+ 24. Kh1 Qf4 25. g3 Qxg3 26. Rb5 Qxh3# {GrederBaptiste est échec et mat} 0-1

[Event "Tournament 14459 - Europe Echecs"]
[Site "Europe Echecs"]
[Date "2020.07.07"]
[Round "3"]
[Time "15:11:54"]
[PlyCount "35"]
[White "DesfontaineArt"]
[Black "WadelOlivier"]
[WhiteElo "1250"]
[BlackElo "1070"]
[Mode "WEB"]
[Result "0-1"]

1. d4 d5 2. Nc3 Nf6 3. Bf4 Bf5 4. Nb5 Qd7 5. Nxc7+ Kd8 6. Nxa8 Nc6 7. Nc7 Nh5 8.
Bg3 Nxg3 9. fxg3 Qxc7 10. Nf3 e5 11. dxe5 Nxe5 12. Ng5 f6 13. Nf3 Bc5 14. Nxe5
Qxe5 15. Qd2 Qe4 16. O-O-O Be3 17. Qxe3 Qxc2# {DesfontaineArt est échec et mat} 0-1

[Event "Tournament 14459 - Europe Echecs"]
[Site "Europe Echecs"]
[Date "2020.07.07"]
[Round "3"]
[Time "15:11:54"]
[PlyCount "94"]
[White "MindeTimothe"]
[Black "LefortPierre"]
[WhiteElo "1075"]
[BlackElo "1240"]
[Mode "WEB"]
[Result "1-0"]

1. e4 e5 2. Bc4 Bc5 3. Nf3 Nc6 4. O-O Nf6 5. d3 O-O 6. Bg5 d6 7. Nbd2 Bd7 8. c3
h6 9. Bh4 a6 10. b4 Ba7 11. a4 b6 12. Qb3 Qe7 13. Rfe1 Rfe8 14. Bxa6 Bb8 15. Bc4
Be6 16. Bxe6 Qxe6 17. Qxe6 Rxe6 18. b5 Ne7 19. d4 Ng6 20. Bg3 Ba7 21. a5 Rae8
22. axb6 Bxb6 23. dxe5 dxe5 24. Nb3 Nxe4 25. Rxe4 f5 26. Ree1 e4 27. Nfd4 Bxd4
28. Nxd4 Rf6 29. Bxc7 Rf7 30. b6 Kh7 31. Nb5 Ne5 32. Nd6 Rxc7 33. bxc7 Nd3 34.
c8=Q Rxc8 35. Nxc8 Nxe1 36. Rxe1 Kg6 37. f3 exf3 38. gxf3 Kg5 39. Kg2 Kf4 40. c4
g6 41. Nd6 h5 42. c5 Kg5 43. c6 f4 44. c7 h4 45. c8=Q Kh5 46. Qh8+ Kg5 47. Re5# {LefortPierre est échec et mat} 1-0

[Event "Tournament 14459 - Europe Echecs"]
[Site "Europe Echecs"]
[Date "2020.07.07"]
[Round "3"]
[Time "15:11:54"]
[PlyCount "45"]
[White "IentileTimeo"]
[Black "BennaniJoachim"]
[WhiteElo "1064"]
[BlackElo "1226"]
[Mode "WEB"]
[Result "0-1"]

1. d4 d5 2. c4 dxc4 3. Nc3 Nf6 4. e3 Bf5 5. Nf3 e6 6. Bxc4 Nc6 7. O-O Be7 8. Bd3
Bg6 9. e4 O-O 10. e5 Bxd3 11. Qxd3 Nd5 12. Nxd5 Qxd5 13. Be3 Rad8 14. Rad1 f6
15. exf6 Rxf6 16. Rd2 Rg6 17. Bf4 Nxd4 18. Qxd4 Qxf3 19. Qxd8+ Bxd8 20. Rxd8+
Kf7 21. Rd7+ Ke8 22. Rd2 Qxg2# {IentileTimeo est échec et mat} 0-1

[Event "Tournament 14459 - Europe Echecs"]
[Site "Europe Echecs"]
[Date "2020.07.07"]
[Round "3"]
[Time "15:11:54"]
[PlyCount "38"]
[White "SauerMathis"]
[Black "CarobbioAntoin"]
[WhiteElo "1058"]
[BlackElo "1220"]
[Mode "WEB"]
[Result "1-0"]

1. e4 d5 2. exd5 Qxd5 3. Nc3 Qa5 4. Bc4 c6 5. Nf3 Nf6 6. O-O e6 7. d4 Bd6 8. Bg5
Be7 9. h3 Nbd7 10. a3 e5 11. Nxe5 Nxe5 12. dxe5 Qxe5 13. Qd2 Bd6 14. Rfe1 Ne4
15. Rxe4 Qxe4 16. Nxe4 Bc7 17. Nd6+ Bxd6 18. Qxd6 h6 19. Qd8# {CarobbioAntoin est échec et mat} 1-0

[Event "Tournament 14459 - Europe Echecs"]
[Site "Europe Echecs"]
[Date "2020.07.07"]
[Round "3"]
[Time "15:11:54"]
[PlyCount "93"]
[White "DespauxAxel"]
[Black "MarzolfSamuel"]
[WhiteElo "1041"]
[BlackElo "1220"]
[Mode "WEB"]
[Result "0-1"]

1. e4 e5 2. Nf3 Nc6 3. Bc4 Bc5 4. c3 Nf6 5. d4 exd4 6. cxd4 Bb4+ 7. Nc3 Nxe4 8.
O-O Bxc3 9. bxc3 O-O 10. Re1 Nf6 11. Bg5 h6 12. Bh4 Na5 13. Bb3 Nxb3 14. axb3 d6
15. h3 Bf5 16. d5 a6 17. c4 c6 18. Ra2 cxd5 19. cxd5 Rc8 20. Ra1 Bc2 21. Bxf6
Qxf6 22. Qd2 Bxb3 23. Rab1 Bc4 24. Rxb7 Rb8 25. Rxb8 Rxb8 26. Rc1 Bb5 27. Rb1
Qf5 28. Rb2 Qc8 29. Qb4 Qd8 30. Qc3 Bd7 31. Ra2 Qb6 32. Ra1 Rc8 33. Qd3 Bb5 34.
Qd2 Ra8 35. Ra2 a5 36. Nd4 Bc4 37. Ra4 Bxd5 38. Nf5 Bb3 39. Rd4 Rd8 40. Rxd6
Rxd6 41. Nxd6 a4 42. Ne4 a3 43. Qc1 a2 44. Qa1 Qa5 45. Ng3 Qd5 46. Ne2 Qd1+ {DespauxAxel a perdu au temps} 0-1

[Event "Tournament 14459 - Europe Echecs"]
[Site "Europe Echecs"]
[Date "2020.07.07"]
[Round "3"]
[Time "15:11:54"]
[PlyCount "175"]
[White "NicotAnna"]
[Black "ClaverieCharle"]
[WhiteElo "1220"]
[BlackElo "1065"]
[Mode "WEB"]
[Result "0-1"]

1. e4 e5 2. Nf3 Nf6 3. Nxe5 d6 4. Nf3 Nxe4 5. d4 Nf6 6. Bg5 Be7 7. Bd3 O-O 8.
Nc3 Bg4 9. O-O c5 10. dxc5 dxc5 11. h3 Bh5 12. Re1 Nc6 13. Bxf6 Bxf6 14. Qe2 Re8
15. Ne4 Ne5 16. Nxf6+ Qxf6 17. Qe4 Bg6 18. Qxb7 Nxf3+ 19. Qxf3 Qxf3 20. gxf3
Bxd3 21. cxd3 h6 22. Rf1 Re6 23. f4 Rf6 24. Rac1 Rxf4 25. Rxc5 Rf3 26. Re1 Rxh3
27. Rce5 Rxd3 28. f4 Rd2 29. f5 f6 30. Re7 Rxb2 31. a4 Ra2 32. R7e4 Rb8 33. Re8+
Rxe8 34. Rxe8+ Kh7 35. Re7 Rxa4 36. Kg2 a5 37. Re1 Rb4 38. Kf2 a4 39. Ke2 Rc4
40. Kd2 a3 41. Ra1 Ra4 42. Kc2 h5 43. Kb3 Ra8 44. Ka2 h4 45. Rh1 g5 46. fxg6+
Kxg6 47. Rg1+ Kh5 48. Rh1 Kg4 49. Rg1+ Kf4 50. Rf1+ Kg3 51. Rg1+ Kf3 52. Rf1+
Kg4 53. Rg1+ Kh5 54. Rh1 Rf8 55. Kxa3 f5 56. Kb2 f4 57. Kc2 f3 58. Rf1 h3 59.
Kd2 Kh4 60. Ke1 h2 61. Rh1 Kh3 62. Kf1 Kg3 63. Ke1 f2+ 64. Kf1 Kh3 65. Rxh2+
Kxh2 66. Ke2 f1=Q+ 67. Kd2 Re8 68. Kc3 Qe1+ 69. Kd3 Rd8+ 70. Kc4 Qe4+ 71. Kc5
Rd6 72. Kb5 Qc4+ 73. Kxc4 Kg3 74. Kc5 Rd1 75. Kc4 Kf3 76. Kc3 Ke3 77. Kc2 Rd8
78. Kc1 Ke2 79. Kc2 Rc8+ 80. Kb1 Kd3 81. Kb2 Rc7 82. Kb1 Kd2 83. Kb2 Rb7+ 84.
Ka1 Kc3 85. Ka2 Rb8 86. Ka1 Kc2 87. Ka2 Ra8# {NicotAnna est échec et mat} 0-1